000 01206nam a2200301Ia 4500
001 ebr10380924
003 CaPaEBR
006 m u
007 cr cn|||||||||
008 060911s2006 dcu sb i000 0 eng d
040 _aCaPaEBR
_cCaPaEBR
035 _a(OCoLC)694141246
050 1 4 _aHF1365
_b.K67 2006eb
100 1 _aKose, M. Ayhan.
245 1 0 _aFinancial globalization
_h[electronic resource] :
_ba reappraisal /
_cprepared by M. Ayhan Kose ...[et.al.].
260 _a[Washington, D.C.] :
_bInternational Monetary Fund,
_c2006.
300 _a92 p.
490 1 _aIMF working paper ;
_vWP/06/189
500 _a"August 2006."
504 _aIncludes bibliographical references.
533 _aElectronic reproduction.
_bPalo Alto, Calif. :
_cebrary,
_d2011.
_nAvailable via World Wide Web.
_nAccess may be limited to ebrary affiliated libraries.
650 0 _aInternational finance.
650 0 _aGlobalization
_xMathematical models.
655 7 _aElectronic books.
_2local
710 2 _aebrary, Inc.
830 0 _aIMF working paper ;
_vWP/06/189.
856 4 0 _uhttp://site.ebrary.com/lib/rucke/Doc?id=10380924
_zAn electronic book accessible through the World Wide Web; click to view
999 _c207131
_d207131